000 00713nam a22002057a 4500
005 20180821115203.0
010 _aENG-123848
020 _a9788173719585
_c475.00
035 _aEN-107380
037 _bDBAD/PUB
082 _a518
100 _aJalan, Arun Kumar
245 _aNumerical methods :
_cby Arun Kumar Jalan [and] Utpal Sarkar
_ba programming-based approach /
260 _aHyderabad (Telangana)
_c2015
_bUniversities Press (India) Private Limited
270 _bHyderabad (Telangana)
_a3-6-747/1/A & 3-6-754/1, Himayatnagar, Hyderabad,
_e500029
300 _a403p.
_c24(pbk.)
500 _aIt includes appendix and index
700 _aSarkar, Utpal
942 _2ddc
_cEN
_h518
_mJAL
999 _c156119
_d156119